LEADER 00886nam0-2200325---450- 001 990008806100403321 005 20090213135133.0 010 $a0-8493-2074-7 035 $a000880610 035 $aFED01000880610 035 $a(Aleph)000880610FED01 035 $a000880610 100 $a20090213d2007----km-y0itay50------ba 101 0 $aeng 102 $aUS 105 $aa-------001yy 200 1 $aCytokines$estress and immunity$fedited by Nicholas P. Plotnikoff ... [et al.] 205 $a2nd ed. 210 $aBoca Raton$cTaylor & Francis$dc2007 215 $a405 p.$cill.$d24 cm 610 0 $aImmunologia 676 $a616.079$v20$zita 702 1$aPlotnikoff,$bNicholas P. 801 0$aIT$bUNINA$gRICA$2UNIMARC 901 $aBK 912 $a990008806100403321 952 $a60 616.079 B 14$b11605$fFAGBC 959 $aFAGBC 996 $aCytokines$9807350 997 $aUNINA LEADER 02651oas 2201021 a 450 001 9910145605603321 005 20260203110041.0 011 $a1863-2661 035 $a(OCoLC)123915506 035 $a(CONSER) 2007233473 035 $a(CKB)1000000000278546 035 $a(DE-599)2303775-1 035 $a(EXLCZ)991000000000278546 100 $a20070502a20079999 sy a 101 0 $aeng 135 $aurcnu|||||||| 181 $ctxt$2rdacontent 182 $cc$2rdamedia 183 $acr$2rdacarrier 200 10$aBrain structure and function 210 $aBerlin ;$aNew York $cSpringer-Verlag 300 $aRefereed/Peer-reviewed 311 08$a1863-2653 606 $aBrain$xAnatomy$vPeriodicals 606 $aBrain$xLocalization of functions$vPeriodicals 606 $aBrain$xPhysiology$vPeriodicals 606 $aBrain$xanatomy & histology 606 $aBrain$xphysiology 606 $aLocalisation ce?re?brale$vPe?riodiques 606 $aCerveau$xPhysiologie$vPe?riodiques 606 $aBrain$xAnatomy$2fast$3(OCoLC)fst00837578 606 $aBrain$xLocalization of functions$2fast$3(OCoLC)fst00837636 606 $aBrain$xPhysiology$2fast$3(OCoLC)fst00837651 606 $aAnatomia$2thub 606 $aEmbriologia$2thub 608 $aPeriodicals.$2fast 608 $aPeriodicals.$2lcgft 608 $aRevistes electròniques.$2thub 615 0$aBrain$xAnatomy 615 0$aBrain$xLocalization of functions 615 0$aBrain$xPhysiology 615 12$aBrain$xanatomy & histology. 615 22$aBrain$xphysiology. 615 6$aLocalisation ce?re?brale 615 6$aCerveau$xPhysiologie 615 7$aBrain$xAnatomy. 615 7$aBrain$xLocalization of functions. 615 7$aBrain$xPhysiology. 615 7$aAnatomia. 615 7$aEmbriologia. 676 $a612.82 801 0$bIPL 801 1$bIPL 801 2$bIPL 801 2$bOCL 801 2$bGUA 801 2$bOCLCQ 801 2$bOCLCO 801 2$bOCLCQ 801 2$bOCLCF 801 2$bOCLCO 801 2$bVT2 801 2$bOCLCQ 801 2$bDLC 801 2$bUKMGB 801 2$bU3W 801 2$bAUD 801 2$bNJT 801 2$bOCLCQ 801 2$bOCLCO 801 2$bUBY 801 2$bBWN 801 2$bOCLCA 801 2$bOCLCQ 801 2$bUAB 801 2$bUEJ 801 2$bSXB 801 2$bOCLCL 801 2$bCASUM 801 2$bLGG 801 2$bCSU 801 2$bJ9U 801 2$bUWO 801 2$bOCLCQ 906 $aJOURNAL 912 $a9910145605603321 996 $aBrain structure and function$91931237 997 $aUNINA